logo

Bir Sreshtho Munshi Abdur Rouf Library
Jhenaidah Cadet College

Principles of organic chemistry / (Record no. 9884)

MARC details
000 -LEADER
fixed length control field 00784cam a22002651 4500
001 - CONTROL NUMBER
JCCL Control Number 9884
003 - CONTROL NUMBER IDENTIFIER
JCCL marc code BD-JhCC
005 - DATE AND TIME OF LATEST TRANSACTION
control field 20180403093457.0
008 - FIXED-LENGTH DATA ELEMENTS--GENERAL INFORMATION
fixed length control field 180403s1968 caua 000 0 eng
035 ## - SYSTEM CONTROL NUMBER
system control number (BD-JhCC)9884
040 ## - CATALOGING SOURCE
Original cataloging agency DLC
Transcribing agency DLC
Modifying agency ICU
-- DLC
-- ICU
-- BD-JhCC
041 ## - LANGUAGE CODE
Language code of Book eng
050 00 - LIBRARY OF CONGRESS CALL NUMBER
Classification number QD253
Item number .G4 1968
082 00 - DEWEY DECIMAL CLASSIFICATION NUMBER
Classification number 547
Author mark and Year GEI 1968
100 1# - MAIN ENTRY--PERSONAL NAME
Personal name Geissman, T. A.
Fuller form of name (Theodore Albert),
Dates associated with a name 1908-
245 10 - TITLE STATEMENT
Title Principles of organic chemistry /
Statement of responsibility, etc [by] T. A. Geissman.
250 ## - EDITION STATEMENT
Edition statement 3d ed.
260 ## - PUBLICATION, DISTRIBUTION, ETC. (IMPRINT)
Place of publication, distribution, etc San Francisco :
Name of publisher, distributor, etc W. H. Freeman,
Date of publication, distribution, etc 1968.
300 ## - PHYSICAL DESCRIPTION
Pagination vii, 883 p.
Other physical details illus.
Dimensions 24 cm.
490 1# - SERIES STATEMENT
Series statement A Series of books in chemistry
650 #0 - SUBJECT ADDED ENTRY--TOPICAL TERM
Topical term or geographic name as entry element Chemistry, Organic.
830 #0 - SERIES ADDED ENTRY--UNIFORM TITLE
Uniform title Series of books in chemistry (San Francisco, Calif.)
942 ## - ADDED ENTRY ELEMENTS (KOHA)
Source of classification or shelving scheme Dewey Decimal Classification
Koha item type Books
Holdings
Source of classification or shelving scheme Damaged status Not for loan Home library Current library Shelving location Date of accession Total Checkouts Full call number Barcode Date last seen Copy number Koha item type
Dewey Decimal Classification     JCC Rouf Library JCC Rouf Library General Stacks 04/03/2018   547 GEI 1968 13359 04/03/2018 C-1 Books

JCC Library | Contacts | JCC Home

Last Update on 23 September 2017
Copyright @ 2017-2020 JCC Rouf Library
Rouf Library, Jhenidah Cadet College (JCC), Bangladesh